00415 2200157 4500001002100000005001500021035002000036245006200056100002300118300002600141260003400167082000800201084001400209020002200223990001200245INLIS00000000000161920250424114924 a0010-04250000351 aDear Allah :bTernyata Engkau Dekat /c@InspirasiAlqur'an0 a@InspirasiAlqur'an a232 hlm ;c13 x 19 cm aJakarta :bWahyu Qolbu,c2017 a200 a200 @IN d a978-602-6358-22-6 a0754713